000 00673nam a22002297i 4500
003 URS
005 20220114153345.0
008 171021b xxu||||| |||| 00| 0 eng d
020 _a9712303675
040 _erda
_cURSP-College Library
_beng
050 _b657 M34 1989
100 1 _aMariano, Norma D.L.
245 _aAccounting Fundamentals for Partnerships and Corporations
_cNorma D.L. Mariano
264 1 _aManila
_bRex Book Store
_c1989.
300 _axii, 348pages
_c22cm.
336 _atext
_btxt
_2rdacontent
337 _aunmediated
_bn
_2rdamedia
338 _avolume
_bnc
_2rdacarrier
500 _aIncludes
650 0 _aaccounting-fundamentals.
942 _2lcc
_cF
999 _c8487
_d8487